LEADER 01502nam 2200361 n 450 001 996388840603316 005 20200824121312.0 035 $a(CKB)1000000000636729 035 $a(EEBO)2240917349 035 $a(UnM)99831153e 035 $a(UnM)99831153 035 $a(EXLCZ)991000000000636729 100 $a19950927d1651 uy | 101 0 $alat 135 $aurbn||||a|bb| 200 00$aEmanuelis Thesauri Poemata. Cæsares$b[electronic resource] $eet ejusdem varia carmina: quibus accesserunt nobilissimorum orientis & occidentis pontificum elogia, & varia opera poe?tica 205 $aEditio quarta emendatior, cum auctariolo. 210 $aOxonii $cexcudebat Hen. Hall impensis Gulielmi Webb bibliopolæ$dM.DC.LI. [1651] 215 $a[4], 32, 151, [1] p 300 $aIn verse. 300 $aText and register are continuous despite pagination. 300 $aWith divisional titles: Ejusdem Carmina, p. 39; Infulatae virtutes in orientalis ecclesiæ patribus expressæ, p.79; Infulatae virtutes in sanctissimis occidenalis ecclesiæ patribus expressæ, p. 109; register and pagination continuous. 300 $aReproduction of the original in the Bodleian Library. 330 $aeebo-0014 700 $aTesauro$b Emanuele$cconte,$f1592-1675.$0154551 801 0$bCu-RivES 801 1$bCu-RivES 801 2$bCStRLIN 801 2$bWaOLN 906 $aBOOK 912 $a996388840603316 996 $aEmanuelis Thesauri Poemata. Cæsares$92334804 997 $aUNISA